000 01020nam a2200313Ia 4500
005 20220317001756.0
008 170328s2013 c g 000 p s
020 _a9789588794099
041 _aspa
100 1 _aRoca, Juan Manuel
_d1946-
245 1 0 _aTres caras de la luna
_cJuan Manuel Roca
250 _aPrimera edición
300 _a148 páginas
_c21 cm
490 _aSílabas del viento : Poesía
500 _aIncluye datos biográficos del autor en solapa
650 1 4 _2LEMB
_aPoesía colombiana
_ySiglo XX
650 1 4 _2LEMB
_aLiteratura colombiana
_ySiglo XX
650 1 4 _2LEMB
_aSentimientos en la literatura
650 1 4 _2LEMB
_aCotidianidad en la literatura
650 1 4 _2LEMB
_aEmociones en la literatura
650 1 4 _2LEMB
_aNoche en la literatura
942 _2loc
_cBKLIT
264 _aMedellín
_bSílaba
_c2013
336 _atexto
_btxt
_2rdacontent
337 _asin mediación
_bn
_2rdamedia
338 _avolumen
_bnc
_2rdacarrier
040 _aCO-BoRNBP
_bspa
_erda
_cCO-BoRNBP
084 _aP ROC4
999 _c8054
_d8054